| 000 | 00363nam a2200145Ia 4500 | ||
|---|---|---|---|
| 008 | 230312s9999||||xx |||||||||||||| ||und|| | ||
| 020 | _a0852263406 | ||
| 082 |
_a823.8 _bGUL-M |
||
| 100 | _aGulati, R R | ||
| 245 | 0 | _aMonochrome and Colour Television | |
| 260 |
_bNew Age International Publishers _aIndia |
||
| 546 | _aEng. | ||
| 650 | _aEngineering | ||
| 942 | _cBK | ||
| 999 |
_c6192 _d6192 |
||